000 00880nas a2200253 4500
001 BR9002256
003 BR-BrBNA
005 20231205091845.0
007 ta
008 230509b bl.|||p| |||| 00| 00por d
040 _aBR-BrBNA
_bpor
_cBiblioteca Nacional de Agricultura
041 _a(Pt)
072 _aE14; E20; P01
100 1 _aPinheiro, S.L.G.
245 1 _aAlternativas para avaliacao de impactos ambientais, sociais e regionais na analise de projetos de desenvolvimento
650 _aPROJETO DE DESENVOLVIMENTO
650 _aANALISE ECONOMICA
650 _aDESENVOLVIMENTO SOCIAL
650 _aMODERNIZACAO ADMINISTRATIVA
650 _aTRANSFERENCIA DE TECNOLOGIA
773 0 _tRevista de Economia e Sociologia Rural (Brazil)
_xISSN 0103-2003
_g(Jan-Mar 1990), v. 28(1) p. 47-70
_wBR9002256
909 _a202311
_bLúcia
_c55
_dLúcia Elande
942 _2AGRIS
_n0
_cANA
999 _c127782
_d127782